[Event "Turnier 40 / 120"]
[Site "Wien"]
[Date "2023.??.??"]
[Round "13"]
[White "Tasc R40 V2.50 Phoenix"]
[Black "ChessGenius Exclusive 300 MHz"]
[Result "0-1"]
[WhiteElo "2401"]
[BlackElo "2405"]
[Annotator "Christian"]
[PlyCount "134"]
[EventDate "2023.??.??"]

{[%evp 0,134,23,18,18,18,18,18,73,41,41,48,98,64,60,44,37,45,53,38,77,46,48,10,34,27,47,68,50,44,60,61,57,15,13,25,14,0,8,-37,-49,-53,-55,-70,-70,-70,-70,-61,-69,-82,-82,-82,-82,-82,-104,-97,-73,-81,-81,-81,-81,-63,-75,-96,-96,-92,-92,-66,-72,-66,-107,-113,-104,-86,-103,-123,-107,-140,-146,-140,-147,-146,-141,-140,-141,-143,-94,-137,-152,-152,-152,-158,-149,-140,-89,-95,-110,-202,-177,-196,-181,-181,-178,-202,-214,-216,-222,-241,-241,-217,-228,-223,-222,-260,-257,-244,-244,-240,-240,-239,-269,-255,-255,-270,-273,-265,-270,-261,-285,-304,-304,-324,-296,-302,-238,-317,-329]} 1. e4 e5 {Runde 13: Spanisch, Steinitz / Eine kompliziertes Mittelspiel für beide Geräte mit einigen Fehlern auf beiden Seiten, in Summe ist aber MCGE 300 MHZ doch der klar Stärkere und kann 2 Mehrbauern erspielen, die letztlich die Partie zu seinen Gunsten entscheiden. Stand: 8,0 : 5,0 für MCGE 300 MHZ (61,54 %)} 2. Nc3 Nc6 3. Nf3 d6 4. Bb5 {Buchende} Bd7 5. d4 Nge7 {Buchende} 6. dxe5 {Tasc R40 V 2.5 wieder im Buch} dxe5 {Buchbewertung MCGE: -0,68} 7. Bg5 {Buchende} f6 8. Be3 {Buchbewertung Tasc R40 V 2.5: +0,45 / lt. Komodo steht Weiss etwas besser mit ca. +0,50} a6 9. Bc4 Bg4 10. a4 {besser ist h3, die Stellung ist im Lot} Nb4 11. Bb3 Qxd1+ 12. Rxd1 Ng6 13. h3 Bxf3 14. gxf3 Rd8 15. O-O Bd6 16. Kh1 Nh4 17. Rg1 g5 18. Rg3 h6 19. Kg1 Rf8 20. a5 $2 {ein schwacher Zug, danach steht Schwarz klar besser, Komodo -1,10 mit der Fortsetzung Sc6, deutlich besser ist Kf1 mit ca. -0,50} ({Leptir 130223-avx2:} 20. Kf1 Nc6 21. Bd5 Rb8 22. Nb1 Kd7 23. Bxc6+ bxc6 24. Bc1 f5 25. Nd2 Ke6 26. Ke2 Rf7 27. Rf1 Bc5 28. Nb3 Be7 29. Rd1 Bd6 30. exf5+ Rxf5 31. Be3 c5 32. Rb1 Rb4 33. Nd2 Rxa4 34. Rg4 Ra2 35. Rc4 Rf8 36. Bxc5 Kd5 37. Bxd6 cxd6 38. Rb4 Ng2 39. Ne4 {[%eval -33,37]}) 20... f5 $2 {auch nicht gerade das Gelbe vom Ei, halbiert den Vorteil von Schwarz, Komodo +0,50} 21. exf5 Nxf5 22. Rg4 Be7 23. Ba4+ c6 24. Rxd8+ Kxd8 25. Bb6+ $2 {ein schwacher Zug, der Schwarz wieder klar in Vorteil bringt, Komodo +1,00 mit der Fortsetzung Kc8, deutlich besser ist Te4} Kc8 26. Kh1 Nh4 27. f4 exf4 $4 {ganz schlecht, verschenkt auf einen Schlag den gesamten Vorteil, Komodo 0,00, nötig war Txf4 mit ca. +1,10} 28. Rg1 Nf3 29. Rd1 Rf5 30. Kg2 Nh4+ 31. Kg1 {nicht ideal, besser ist Kf1 mit Ausgleich, Komodo -0,70} Re5 32. Kf1 h5 33. Bb3 Nf3 34. Kg2 g4 35. Ba7 $2 {ein schwacher Zug, deutlich besser ist hxg4, Komodo -1,20} Ne1+ 36. Kh2 Kc7 37. Bb6+ Kb8 38. Bd4 $2 {ein schlechter Zug, danach ist die Partie praktisch schon verloren, Komodo -1,70, deutlich mehr Widerstand leistet Kh1 mit ca. -1,20} Nf3+ 39. Kg2 Rxa5 {ein 2. Mehrbauer für Schwarz} 40. Bh8 Nh4+ 41. Kh2 Ng6 $2 {klar schwächer als Tf5, Komoda +1,30} 42. Bg7 gxh3 $4 {ein grottenschlechter Zug, der nahezu den gesamten Vorteil verspielt trotz der 2 Mehrbauern ist Schwarz kaum noch im Vorteil, Komodo nur noch +0,50, nötig war g3+ (das wurde von Tasc R40 auch vorgeschlagen)} 43. Kxh3 $2 {aber auch der Tasc R40 greift nochmals daneben, Komodo -1,30, nötig war Se4} f3 44. Bh6 $2 {ein schlechter Zug, danach ist die Partie praktisch wieder verloren, Komodo -1,80, deutlich besser ist Td7 mit ca. -1,20} Bg5 45. Bg7 Nf4+ $2 {ein schlechter Zug, der den Vorteil von Schwarz praktisch halbiert, Komodo +1,00, nötig war Tf5} 46. Kh2 Ne2 47. Kh1 Bf4 48. Ne4 $4 {ein Verlustzug, danach ist die Partie bereits klar verloren, Komodo -2,00, nötig war Sxe2 mit ca. -1,00} Nc1 $2 {klar schwächer als Sd5, Komodo +1,30} 49. Be6 $2 {wieder ein Verlustzug, danach ist die Partie neuerlich klar verloren, Komodo -2,20, deutlich besser ist Lc4} Nxc2 50. Bc3 Ra1 51. b3 Ra2 52. Bf6 {etwas besser ist noch Td8+, Komodo -3,00} Ne2 53. Bc4 Ra5 54. Nd2 Bxd2 55. Rxd2 Rf5 56. Rxc2 Rxf6 57. Bxe2 fxe2 58. Rxe2 Rf3 {die 3 geschlossenen Bauern am Damenflügel setzen sich natürlich durch gegen den einen Bauern von Weiss, das sollte nur noch eine Formalität sein, Komodo -4,00} 59. Rb2 Kc7 60. Kg2 Rc3 61. f4 Kd6 62. b4 Ke6 63. Re2+ Kf6 64. Re5 h4 65. Rh5 Rb3 66. Rxh4 Kf5 67. Rh8 Rxb4 {Rest geschenkt} 0-1

[Event "Turnier 40 / 120"]
[Site "Wien"]
[Date "2023.??.??"]
[Round "14"]
[White "ChessGenius Exclusive 300 MHz"]
[Black "Tasc R40 V2.50 Phoenix"]
[Result "1/2-1/2"]
[WhiteElo "2405"]
[BlackElo "2401"]
[Annotator "Christian"]
[PlyCount "165"]
[EventDate "2023.??.??"]

{[%evp 0,165,21,23,21,23,16,8,39,-21,-19,-19,-6,-1,9,16,-10,11,23,18,18,14,18,24,41,37,44,41,46,22,32,12,0,12,-10,-9,52,49,22,5,13,4,0,0,-39,0,28,-42,0,0,-97,-112,-91,-97,-100,-87,-80,-101,-106,-84,-101,-110,-80,-54,-82,-59,-71,-76,-38,-38,-34,-43,-53,-62,-64,-53,-16,-16,0,-46,-50,-49,-37,-48,-26,-48,0,-49,-49,-29,-1,0,0,0,0,0,0,0,0,0,0,0,0,-27,-17,-54,-39,-70,-70,-58,-87,-65,-74,-92,-98,-100,-100,-98,-97,-110,-108,-108,-104,-153,-127,-132,-160,-132,-132,-127,-108,-108,-108,-150,-104,-104,-104,-100,-100,-100,-108,-104,-104,-104,-100,-108,-108,-108,-100,-60,-104,0,0,0,0,0,0,0,0,0,0,0,0,0,0,0,0,0]} 1. d4 d5 {Runde 14: abgelehntes Damengambit, Tschigorin / Eine Eröffnung, die es auch im Match gegen Tasc R30 V 2.5 gegeben hatte, verläuft bis zum 33. Zug genau parallel, dann sorgt überraschenderweise nicht der Tasc R40 für die Abweichung zur Partie, sondern der MCGE, das kann nur an den unterschiedlich verwendeten Bedenkzeiten liegen. Zuvor hatte der Tasc R40 wirklich Riesenpech, denn mit 30. Te7 ?? verwarf er im allerletzten Augenblick noch den klaren Gewinnzug 30. Sf5 !!, das hätte an dieser Stelle bereits die Partie zu seinen Gunsten entschieden mit einer Bewertung von +3,50 lt. Komodo, und er verwirft es nicht nur in allerletzter Sekunde noch, sondern auch wegen einer Bewertungsdifferenz von +0,01 (er bewertet Sf5 lange Zeit als besten Zug mit +0,91, dann Te7 mit +0,92, pfffffffff) Nach der Abweichung durch MCGE ist die Partie dann auf Remiskurs und das bleibt sie auch bis zum Ende, ein überaus glückliches Remis für MCGE 300 MHZ. Stand: 8,5 : 5,5 für MCGE 300 MHZ (60,71 %)} 2. Nf3 Nc6 3. c4 Bg4 {Buchende} 4. Ne5 Nxe5 {Buchbewertung Tasc R40 V 2.5: +0,12} 5. dxe5 {Buchende} dxc4 6. Qa4+ {Buchbewertung MCGE: -0,39 / lt. Komodo ist die Stellung etwa gleich} c6 7. Qxc4 Be6 8. Qc3 Qd5 9. Bf4 g5 10. Bxg5 f6 11. Bf4 Bh6 $2 {ein schwacher Zug, danach steht Weiss klar besser, Komodo -1,00 mit der Fortsetzung Lxh6, deutlich besser ist Lg7} 12. Bxh6 Nxh6 13. exf6 O-O-O 14. Nd2 exf6 15. e4 {nicht optimal, besser ist e3, Komodo +0,50} Qd4 16. Rc1 Rhe8 17. f3 Qd6 {nicht ideal, besser ist f5} 18. Bc4 f5 19. Bxe6+ {besser ist Le2, die Stellung ist wieder im Lot} Rxe6 20. Ke2 Nf7 21. Rcd1 Qe7 22. Qe3 Nd6 23. Qxa7 $2 {ein Verlustzug, danach ist die Partie bereits verloren, Komodo -2,50 mit der Fortsetzung Dg7, nötig war The1 mit Ausgleich} ({Leptir 130223-avx2:} 23. Rhe1 Qh4 24. Kf1 Qxh2 25. e5 Nb5 26. Nc4 Rg8 27. Re2 Kb8 28. Rd7 Nc7 29. Qd4 Qh1+ 30. Qg1 Qh5 31. Red2 Nd5 32. Na5 Rxg2 33. Rxg2 Qxf3+ 34. Qf2 Qd1+ 35. Qe1 Ne3+ 36. Kf2 Qxe1+ 37. Kxe1 Nxg2+ 38. Kf2 Nf4 39. Rxb7+ Kc8 40. Rxh7 Nd3+ 41. Kf3 Nxe5+ 42. Kf4 Nd3+ 43. Kg5 {[%eval -3,29]}) 23... Qg7 {Der Tasc spielt die richtige Fortsetzung sieht allerdings hier noch keinen großen Vorteil, Tasc +0,08 (Stockfish +4,60)} 24. Kf1 Qxb2 $4 {ein ganz schlechter Zug, der Weiss noch am Leben lässt, Komodo +1,10, sofort gewonnen hätte Sb5 mit ca. +4,00} ({Leptir 130223-avx2:} 24... Nb5 25. Qa4 Red6 26. e5 Rxd2 27. Rxd2 Rxd2 28. Qa8+ Kd7 29. Qxb7+ Nc7 30. e6+ Kxe6 31. Qxc6+ Rd6 32. Qc1 Nd5 33. g3 Qd4 34. Rg1 Ne3+ 35. Ke2 Qd3+ 36. Kf2 Nd1+ 37. Rxd1 Qxd1 38. Qh6+ Kd7 39. Qg7+ Kd8 40. Qh8+ Kc7 41. Qc3+ Rc6 42. Qa5+ Kb7 43. Qb4+ Kc8 44. Ke3 Qd8 45. Kf4 Qf6 46. a4 Qh6+ 47. Kxf5 Qe6+ 48. Kg5 Qd5+ 49. Kg4 Rc4+ 50. f4 Rxb4 51. Kh4 Rxa4 {[%eval -398,28]}) 25. Qa8+ Kc7 26. Qa5+ b6 27. Nc4 bxa5 28. Nxb2 fxe4 29. Re1 $2 {ein Verlustzug, danach ist die Partie bereits verloren, Komodo -2,00, deutlich besser ist Sa4 mit ca. -1,00} e3 30. a4 Re7 $2 {also hier hat der Tasc R40 wirklich RIESENPECH, er verwirft den Gewinnzug 30. Sf5, den er bis ganz zum Schluss als besten hatte mit einer Bewertung von +0,91 und ersetzt diesen praktisch in letzter Sekunde durch den Textzug, den er um +0,01 besser also mit +0,92 bewertet, diese Fehlentscheidung kostet ihm ganze 3 Bauerneinheiten !!, nach Sf5 wäre Schwarz bereits spielentscheidend mit +3,50 im Vorteil gewesen, nach dem Textzug nur noch knapp mit ca. +0,50} 31. g4 c5 32. Rc1 Kc6 33. Kg2 $3 {an dieser Stelle liefert jetzt MCGE eine Überraschung, denn es ist nicht TASC R40, der die Abweichung zur Partie gegen den R30 produziert, die bis zu diesem Zeitpunkt exakt gleich verlierf, sondern der MCGE, das kann nur mit den unterschiedlich verwendeten Bedenkzeiten zu tun haben, gegen den R30 spielte er den weitaus schlechteren Zug 33. Ke1 ??, danach wäre Schwarz wieder klar im Vorteil gewesen, nach dem Textzug ist Schwarz nur knapp im Vorteil mit ca. +0,30} Rb8 34. Rc2 Re5 35. Re1 Rb3 36. Nd1 Re8 37. Nb2 h6 38. Rec1 Kb6 39. Re2 Re5 40. Kg3 Re7 41. h4 Kc6 42. Rce1 Re6 43. Kg2 Rb4 44. Kg3 Re8 45. Nd1 Rxa4 46. Rxe3 Ra1 47. Rxe8 Nxe8 48. Rxe8 Rxd1 49. g5 {die Stellung ist Remis, Komodo 0,00} hxg5 50. hxg5 Rg1+ 51. Kf4 c4 52. Rc8+ Kb5 53. Rb8+ Kc5 54. Rc8+ Kb4 55. Rb8+ Ka3 56. Rc8 Kb3 57. Rb8+ Kc2 58. Ke3 Rxg5 59. Kd4 Rf5 60. Kxc4 Rf4+ 61. Kc5 a4 62. Ra8 Kb3 63. Rb8+ Kc3 64. Ra8 Rf5+ 65. Kd6 Kb4 66. Rb8+ Rb5 67. Re8 a3 68. Re4+ Kb3 69. Re3+ Ka4 70. Re4+ Rb4 71. Re2 Kb3 72. Re3+ Kb2 73. Re2+ Ka1 74. Kc5 Rb2 75. Re3 a2 76. Kc4 Kb1 77. Re1+ Kc2 78. Ra1 Kd2 79. f4 Ke3 80. f5 Ke4 81. f6 Rf2 82. f7 Rxf7 83. Rxa2 1/2-1/2

[Event "Turnier 40 / 120"]
[Site "Wien"]
[Date "2023.??.??"]
[Round "15"]
[White "Tasc R40 V2.50 Phoenix"]
[Black "ChessGenius Exclusive 300 MHz"]
[Result "1-0"]
[WhiteElo "2401"]
[BlackElo "2405"]
[Annotator "Christian"]
[PlyCount "42"]
[EventDate "2023.??.??"]

{[%evp 0,42,23,18,78,63,96,88,96,48,117,119,137,97,141,140,130,136,144,97,156,97,111,110,106,108,130,120,120,112,129,129,143,157,136,130,129,103,141,187,262,288,288,297,293]} 1. e4 c6 {Runde 15: Caro Cann, Flohr Variante / Caro Cann ist eine von MCGE äussert selten gespielte Eröffnung und kommt kaum mal vor, wenn man sich diese ungewöhnliche Variante mit 4. Sh6 ? ansieht kann man das auch verstehen, denn hier muss ich so leid es mir tut meinen. Vorwurf an die Buchmacher aus Runde 3 wiederholen, sie entlassen das Programm bereits nach 4 Zügen genau wie damals in einer ganz schlechten Position, hier muss man dem Programm dennoch eine Teilschuld zuschreiben, denn mit der Position nach der Eröffnung kommt er überhaupt nicht klar und greift gleich im allerersten berechneten Zug mit 6. dxe4 ?? voll daneben, danach ist die Partie bereits klar verloren, Komodo bewertet das bereits mit -1,60, Teilschuld des Programmes deshalb, da 6. Sf7 !! den Schaden noch begrenzen konnte, da wäre er nur halb so gross gewesen mit etwa -0,80. Lange Rede, kurzer Sinn, von diesem Fehlstart kann sich MCGE überhaupt nicht mehr erholen und geht hier sang und klanglos unter, eine ganz schlechte Partie !!, in der der MCGE wahrlich mit Blindheit geschlagen ist, kann mich kaum mal erinnern eine derart katastrophale Leistung von ihm gesehen zu haben, eine der schlechtesten Partien, EVER !!! Stand: 8,5 : 6,5 für MCGE 300 MHZ (56,67 %)} 2. d4 g6 3. Nc3 d5 4. h3 {Buchende} Nh6 5. Nf3 {Buchbewertung Tasc R40 V 2.5: +0,85} f6 {Buchende} 6. Bd3 dxe4 $4 {Caro Cann ist eine von MCGE kaum gespielte Eröffnung und wenn man sich diese Variante ansieht, kann man es verstehen, der MCGE kann überhaupt nichts mit dieser ungewöhnlichen Variante mit 4. Sh6 ? anfangen und greift gleich im 1. berechneten Zug meilenweit daneben, eine grottenschlechte Eröffnung von MCGE, ein Verlustzug, nach dem Textzug ist die Partie bereits nach dem 1. berechneten Zug verloren, Komodo -1,60 !!, es war ohnehin eine ganz schlechte Eröffnung, hier muss ich meinen Vorwurf an die Buchmacher wiederholen, allerdings hier trägt auch das Programm eine Teilschuld, denn den Schaden begrenzen konnte noch der weit bessere Zug 6. Sf7, danach wäre der Schaden nur halb so gross gewesen mit ca. -0,80} ({Leptir 130223-avx2:} 6... Bg7 7. Qe2 Nf7 8. Be3 O-O 9. O-O-O Na6 10. Bxa6 bxa6 11. Rhe1 e6 12. Nd2 Nd6 13. Nb3 Rb8 14. h4 a5 15. h5 g5 16. Nc5 h6 17. f3 Nc4 18. b3 Nxe3 19. Qxe3 Qd6 20. Kb1 Rd8 21. g4 Rf8 22. Rd3 Rf7 23. Red1 Qc7 24. N3a4 Re7 {[%eval 107,34]}) 7. Nxe4 Bg7 8. O-O Nf7 9. Qe2 O-O 10. Bd2 {besser ist Sc5, der Textzug büsst ca. 0,6 Bauerneinheiten (1/3 des Vorteiles) ein, dennoch steht Weiss klar besser, Komodo +1,20} Nd7 11. Rfe1 Nb6 12. c4 e5 $2 {ein schlechter Zug, besser ist Te8 (leider verwirft das MCGE im letzten Augenblick noch), Komodo -1,60, danach ist die Partie praktisch wieder verloren} 13. dxe5 Nxe5 $4 {jetzt hat MCGE völlig die Orientierung verloren, ein Verlustzug danach ist bereits alles vorbei, Komodo -2,30, deutlich mehr Widerstand leistet noch fxe5 mit ca. -1,60} 14. Nxe5 fxe5 15. Bb4 Rf4 16. Rad1 Be6 17. Bc2 Nd7 18. Ba3 Qb6 $4 {ganz schlecht, verschlimmert die Lage nochmals ordentlich, deutlich besser ist Lf8, Komodo -2,80, hier geht bereits nach g3 die Qualität verloren, hier müsste schon Txe4 folgen} 19. Bb3 Qc7 $2 {MCGE stolpert nur noch durch diese Partie und macht nur noch gravierende Fehler, nach diesem Zug könnte man bereits den Stecker ziehen, den Rest kommentiere ich hier nicht mehr, es sei denn, Tasc R40 vergurkt das noch irgendwie, Komodo -5,00 !!! mit der Fortsetzung Sg5, weit besser ist noch c5 verliert aber auch schon mit ca. -2,70} 20. Ng5 $1 {Tasc R40 sieht bereits klar den Gewinn: +2,19 !!} Bf7 {MCGE zeigt zumindest ein wenig Einsicht: -1,53, aber jetzt kein Kommentar mehr dazu} 21. Nxf7 Rxf7 {Rest geschenkt, eine absolut unwürdige Vorstellung von MCGE, kann mich kaum mal erinnern eine derartig katastrophale Leistung von ihm gesehen zu haben, eine der schlechtesten Partien EVER !!} 1-0